| 000 | 00647cam a22002172 4500 | ||
|---|---|---|---|
| 001 | 0000012715 | ||
| 005 | 20151217152113.0 | ||
| 008 | 090315s xx 000 0 eng d | ||
| 020 | _a0273704052 : | ||
| 040 |
_aKABU _cKABU |
||
| 050 | 0 |
_aHF5415.123 _b.F55 2002 |
|
| 100 | 1 |
_aFill, Chris. _@0000151440 |
|
| 245 | 1 | 0 |
_aSimply marketing communications / _cChris Fill. |
| 250 | _a1st ed. | ||
| 260 |
_aHarlow, England : _bPrentice Hall, _c2006. |
||
| 300 |
_axxiii, 410 p. : _bill. |
||
| 650 | 0 |
_aCommunication in marketing. _@0000151439 |
|
| 852 | 1 | _9p3150 KES | |
| 908 | _a090315 | ||
| 950 | _@1 | ||
| 999 |
_c8289 _d8289 |
||